Normal view
MARC view
- Cyberspace operations (Military science)
Entry Topical Term
001 - CONTROL NUMBER
- control field: 16221
003 - CONTROL NUMBER IDENTIFIER
- control field: NUST
005 - DATE AND TIME OF LATEST TRANSACTION
- control field: 20190702042513.0
008 - FIXED-LENGTH DATA ELEMENTS
- fixed length control field: 190702|| aca||aabn | a|a d
040 ## - CATALOGING SOURCE
- Original cataloging agency: NUST
- Transcribing agency: NUST
150 ## - HEADING--TOPICAL TERM
- Topical term or geographic name entry element: Cyberspace operations (Military science)
670 ## - SOURCE DATA FOUND
- Source citation: Work cat.: (NUST)0: Haataja, Samuli, author. 16219, Cyber attacks and international law on the use of force :
